[Event "Amsterdam Science Park op-A"]
[Site "Amsterdam"]
[Date "2022.07.21"]
[Round "4"]
[White "Baarslag, Ed"]
[Black "Brouwer, Rein"]
[Result "1-0"]
[WhiteElo "2161"]
[BlackElo "2076"]
[PlyCount "83"]
[EventDate "2022.07.18"]
[EventType "swiss"]
[EventRounds "7"]
[EventCountry "NED"]
[SourceTitle "CBM 209 Extra"]
[Source "ChessBase"]
[SourceDate "2022.09.30"]
[SourceVersion "1"]
[SourceVersionDate "2022.09.30"]
[SourceQuality "1"]

1. d4 d5 2. Nf3 Nf6 3. g3 Bf5 4. Bg2 e6 5. c4 c6 6. Qb3 Qb6 7. c5 Qxb3 8. axb3 Na6 9. Nc3 h6 10. h4 Be7 11. Bf4 0-0 12. Ra4 Bc2 13. Ne5 Nh5 14. Be3 Nb8 15. Kd2 Bh7 16. b4 Nf6 17. Rha1 a6 18. f3 Ne8 19. b5 f6 20. Nd3 Bxd3 21. Kxd3 Nc7 22. bxa6 Rxa6 23. b4 e5 24. Bh3 exd4 25. Bxd4 Rxa4 26. Nxa4 Nba6 27. Rb1 Kf7 28. Nb6 h5 29. Bc8 Nb8 30. Bxb7 Nb5 31. Ra1 Bd8 32. Nc8 Bc7 33. Bf2 Ke6 34. Na7 Nxa7 35. Rxa7 Kd7 36. b5 cxb5 37. Bxd5 Nc6 38. Bxc6+ Kxc6 39. Ra6+ Kb7 40. Re6 Rf7 41. c6+ Ka6 42. Re8 1-0

[Event "Amsterdam Science Park op-A"]
[Site "Amsterdam"]
[Date "2018.07.11"]
[Round "5"]
[White "Brouwer, Rein"]
[Black "Van Baar, Esper"]
[Result "0-1"]
[WhiteElo "2062"]
[BlackElo "2252"]
[PlyCount "54"]
[EventDate "2018.07.07"]
[EventType "swiss"]
[EventRounds "9"]
[EventCountry "NED"]
[SourceTitle "CBM 185 Extra"]
[Source "ChessBase"]
[SourceDate "2018.07.29"]
[SourceVersion "1"]
[SourceVersionDate "2018.07.29"]
[SourceQuality "1"]

1. d4 Nf6 2. c4 g6 3. Nc3 Bg7 4. e4 d6 5. Be2 0-0 6. Nf3 e5 7. 0-0 Nc6 8. d5 Ne7 9. b4 Nh5 10. g3 f5 11. Ng5 Nf6 12. f3 h6 13. Ne6 Bxe6 14. dxe6 c6 15. Ba3 Ne8 16. Qb3 Nc7 17. c5 d5 18. exd5 cxd5 19. Rad1 Kh7 20. b5 Nxe6 21. Bc4 dxc4 22. Qxc4 Nd4 23. c6 bxc6 24. bxc6 Re8 25. c7 Qd7 26. Bxe7 Rxe7 27. Nd5 Re6 0-1

[Event "Hilversum op"]
[Site "Hilversum"]
[Date "2017.06.23"]
[Round "1"]
[White "Brouwer, Rein"]
[Black "Beerdsen, Thomas"]
[Result "0-1"]
[WhiteElo "2040"]
[BlackElo "2455"]
[PlyCount "96"]
[EventDate "2017.06.23"]
[EventType "swiss"]
[EventRounds "6"]
[EventCountry "NED"]
[SourceTitle "CBM 179 Extra"]
[Source "ChessBase"]
[SourceDate "2017.08.23"]
[SourceVersion "1"]
[SourceVersionDate "2017.08.23"]
[SourceQuality "1"]

1. d4 Nf6 2. c4 e6 3. g3 d5 4. Nf3 Be7 5. Bg2 0-0 6. 0-0 dxc4 7. Qc2 a6 8. a4 c6 9. Qxc4 b5 10. Qc2 Bb7 11. Rd1 Nbd7 12. Nc3 Rc8 13. Ne5 Qc7 14. Bf4 Nxe5 15. Bxe5 Qb6 16. Ne4 Nxe4 17. Qxe4 Rfd8 18. axb5 axb5 19. h4 Rd7 20. Qg4 Bf8 21. e3 Qd8 22. Rdc1 Qe7 23. Ra7 h6 24. h5 Ba8 25. Ra6 Bb7 26. Ra7 Rcd8 27. Kh2 Kh8 28. Qe4 Qe8 29. Bf3 Ra8 30. Rxa8 Bxa8 31. g4 Rd8 32. Qc2 Rc8 33. Ra1 Qd7 34. Kg2 Bb7 35. Ra7 Ra8 36. Rxa8 Bxa8 37. Qc3 Bb7 38. Be4 c5 39. Bxb7 Qxb7+ 40. f3 f6 41. Bg3 c4 42. b3 Qa6 43. bxc4 Qa2+ 44. Bf2 b4 45. Qd3 b3 46. Qg6 b2 47. Qf7 b1Q 48. Qxf8+ Kh7 0-1

[Event "Utrecht OKU op 44th"]
[Site "Utrecht"]
[Date "2017.06.10"]
[Round "2"]
[White "Hoomans, Peter"]
[Black "Brouwer, Rein"]
[Result "0-1"]
[WhiteElo "1889"]
[BlackElo "2040"]
[PlyCount "110"]
[EventDate "2017.06.09"]
[EventType "swiss"]
[EventRounds "6"]
[EventCountry "NED"]
[SourceTitle "CBM 178 Extra"]
[Source "ChessBase"]
[SourceDate "2017.06.22"]
[SourceVersion "1"]
[SourceVersionDate "2017.06.22"]
[SourceQuality "1"]

1. e4 c5 2. c3 d5 3. exd5 Qxd5 4. d4 Nf6 5. Nf3 Bg4 6. Nbd2 Nc6 7. Bc4 Qd8 8. Qb3 e6 9. Qxb7 Rc8 10. Bb5 Qd7 11. Qxd7+ Nxd7 12. 0-0 cxd4 13. cxd4 Bb4 14. h3 Bh5 15. a3 Bxd2 16. Bxc6 Rxc6 17. Nxd2 0-0 18. Ne4 Rc2 19. f3 Nb6 20. Nc3 Rd8 21. Rf2 Bg6 22. Rxc2 Bxc2 23. Be3 Nc4 24. Bf2 Bb3 25. Re1 h6 26. Re2 a5 27. h4 Nb6 28. Kh2 Bc4 29. Re5 Bd5 30. Nxd5 Nxd5 31. Re2 Rc8 32. Kg1 a4 33. Kf1 Nf4 34. Re1 Rc2 35. Rb1 Nd3 36. Be1 Nxe1 37. Kxe1 Rxg2 38. Kf1 Rd2 39. b4 axb3 40. Rxb3 Rxd4 41. Rb8+ Kh7 42. Kg2 Rxh4 43. Rb4 Rh5 44. Rb7 Ra5 45. Rb3 Ra4 46. Kg3 g5 47. Rc3 Kg6 48. Rb3 h5 49. Rc3 e5 50. Rb3 Kf5 51. Rc3 g4 52. Rb3 Kg5 53. Rc3 f5 54. Rb3 h4+ 55. Kg2 gxf3+ 0-1

[Event "Utrecht OKU op 44th"]
[Site "Utrecht"]
[Date "2017.06.09"]
[Round "1"]
[White "Brouwer, Rein"]
[Black "Pruijssers, Roeland"]
[Result "1/2-1/2"]
[WhiteElo "2040"]
[BlackElo "2502"]
[PlyCount "65"]
[EventDate "2017.06.09"]
[EventType "swiss"]
[EventRounds "6"]
[EventCountry "NED"]
[SourceTitle "CBM 178 Extra"]
[Source "ChessBase"]
[SourceDate "2017.06.22"]
[SourceVersion "1"]
[SourceVersionDate "2017.06.22"]
[SourceQuality "1"]

1. d4 f5 2. c4 Nf6 3. Nf3 g6 4. g3 Bg7 5. Bg2 0-0 6. 0-0 d6 7. Nc3 c6 8. b4 e5 9. dxe5 dxe5 10. e4 Qe7 11. Qb3 f4 12. b5 Rd8 13. Ba3 Qe8 14. Rad1 Rxd1 15. Rxd1 Bg4 16. Rd6 h6 17. h3 Bxf3 18. Bxf3 fxg3 19. fxg3 a6 20. Qd1 Nbd7 21. bxc6 bxc6 22. Rxc6 Rc8 23. Qd6 Bf8 24. Rxc8 Qxc8 25. Qe6+ Kh8 26. Bxf8 Qxf8 27. Qxa6 Qc5+ 28. Kg2 Qe3 29. Qa5 Qd2+ 30. Kf1 Qd3+ 31. Kg2 Qd2+ 32. Kf1 Qd3+ 33. Kg2 1/2-1/2

[Event "Vlissingen HZ op 19th"]
[Site "Vlissingen"]
[Date "2015.08.02"]
[Round "2"]
[White "Brouwer, Rein"]
[Black "De Jong, Migchiel"]
[Result "0-1"]
[WhiteElo "2070"]
[BlackElo "2319"]
[PlyCount "58"]
[EventDate "2015.08.01"]
[EventType "swiss"]
[EventRounds "9"]
[EventCountry "NED"]
[SourceTitle "CBM 167 Extra"]
[Source "ChessBase"]
[SourceDate "2015.09.14"]
[SourceVersion "1"]
[SourceVersionDate "2015.09.14"]
[SourceQuality "1"]

1. d4 e6 2. c4 Bb4+ 3. Bd2 a5 4. g3 d6 5. Bg2 e5 6. Nf3 Nc6 7. 0-0 exd4 8. Nxd4 Nxd4 9. Bxb4 axb4 10. Qxd4 Nf6 11. Rd1 Ra6 12. a4 0-0 13. Nd2 Nd7 14. b3 Qe7 15. e4 Nc5 16. Re1 Qe5 17. Nf3 Nxb3 18. Qxe5 dxe5 19. Rab1 Nc5 20. Red1 Rxa4 21. Rd5 Nxe4 22. Rxe5 Nc3 23. Rb2 Be6 24. Bf1 Rd8 25. Kg2 h6 26. Rc5 c6 27. Nd2 Ra1 28. Nb3 Rxf1 29. Kxf1 Bh3+ 0-1

[Event "Politiken Cup 36th"]
[Site "Helsingor"]
[Date "2014.07.27"]
[Round "8"]
[White "Seegers, Hendrik"]
[Black "Brouwer, Rein"]
[Result "1-0"]
[WhiteElo "2196"]
[BlackElo "2035"]
[PlyCount "117"]
[EventDate "2014.07.21"]
[EventType "swiss"]
[EventRounds "10"]
[EventCountry "DEN"]
[SourceTitle "CBM 161 Extra"]
[Source "ChessBase"]
[SourceDate "2014.08.29"]
[SourceVersion "1"]
[SourceVersionDate "2014.08.29"]
[SourceQuality "1"]

1. d4 Nf6 2. Nf3 e6 3. Bf4 c5 4. c3 Nc6 5. e3 Nh5 6. Bg3 Qb6 7. b3 d5 8. Bd3 cxd4 9. exd4 Nxg3 10. hxg3 g6 11. Nbd2 Bg7 12. Rc1 0-0 13. Nf1 e5 14. dxe5 Bg4 15. Qd2 Bxf3 16. gxf3 Nxe5 17. Be2 Rfe8 18. Ne3 Rad8 19. 0-0 d4 20. cxd4 Rxd4 21. Qc2 Nc6 22. f4 Rd7 23. Bg4 Rd4 24. Bf3 Rc8 25. Qc5 Qxc5 26. Rxc5 Rd2 27. Nc4 Rc2 28. Rd1 Bf8 29. Rcd5 Ne7 30. R5d2 Rxd2 31. Rxd2 b5 32. Ne5 a5 33. Rd7 a4 34. Be2 axb3 35. axb3 Rb8 36. Ra7 Nf5 37. Nd7 Rc8 38. Bxb5 Nd6 39. Be2 Rd8 40. Ne5 Bg7 41. Bf3 Bxe5 42. fxe5 Nb5 43. Ra8 Rxa8 44. Bxa8 Kf8 45. Bd5 Ke7 46. f4 f6 47. Kf2 fxe5 48. fxe5 Nc3 49. Bg8 h6 50. Ke3 Nb5 51. Bc4 Nc7 52. b4 Na8 53. Kd4 h5 54. Kc5 Kd7 55. Bf7 Nc7 56. Bxg6 Na6+ 57. Kc4 Nxb4 58. Kxb4 h4 59. Bf5+ 1-0

[Event "Politiken Cup 36th"]
[Site "Helsingor"]
[Date "2014.07.23"]
[Round "4"]
[White "Nordenbaek, Jan"]
[Black "Brouwer, Rein"]
[Result "1-0"]
[WhiteElo "2228"]
[BlackElo "2035"]
[PlyCount "125"]
[EventDate "2014.07.21"]
[EventType "swiss"]
[EventRounds "10"]
[EventCountry "DEN"]
[SourceTitle "CBM 161 Extra"]
[Source "ChessBase"]
[SourceDate "2014.08.29"]
[SourceVersion "1"]
[SourceVersionDate "2014.08.29"]
[SourceQuality "1"]

1. e4 c5 2. Nf3 e6 3. b3 d5 4. exd5 exd5 5. Bb5+ Bd7 6. Bxd7+ Nxd7 7. 0-0 Be7 8. Re1 Kf8 9. d4 Ngf6 10. Bb2 Rc8 11. Nbd2 c4 12. c3 Bd6 13. Ne5 Nb6 14. Qf3 Rc7 15. Re2 g6 16. Rae1 Kg7 17. bxc4 Nxc4 18. Ndxc4 dxc4 19. Bc1 Rf8 20. Bg5 h6 21. Bh4 g5 22. Bg3 Ng8 23. Qf5 Ne7 24. Qc2 Nd5 25. f3 b5 26. Bf2 Nf4 27. Rd2 h5 28. h4 b4 29. Re4 f5 30. Re1 a5 31. hxg5 Nd5 32. Bh4 bxc3 33. Rdd1 Nf4 34. g3 Bxe5 35. dxe5 Nd3 36. Qxc3 Qe7 37. Rxd3 cxd3 38. Qxd3 Qc5+ 39. Kh1 Kg6 40. Re2 Re8 41. g4 hxg4 42. fxg4 Qc6+ 43. Kg1 Rf7 44. a3 Qe6 45. Be1 Rh8 46. Rf2 Re8 47. Bc3 Ref8 48. Qh3 Rh7 49. gxf5+ Rxf5 50. Qxf5+ Qxf5 51. Rxf5 Kxf5 52. Kf2 a4 53. Ke3 Rh4 54. e6 Kxe6 55. g6 Rg4 56. g7 Kd5 57. Kf3 Rg1 58. Kf4 Kc4 59. Bf6 Kd5 60. Bg5 Rf1+ 61. Kg4 Rg1+ 62. Kf5 Rf1+ 63. Kg6 1-0

[Event "Politiken Cup 36th"]
[Site "Helsingor"]
[Date "2014.07.22"]
[Round "2"]
[White "Akdag, Dara Sevkan"]
[Black "Brouwer, Rein"]
[Result "1/2-1/2"]
[WhiteElo "2236"]
[BlackElo "2035"]
[PlyCount "110"]
[EventDate "2014.07.21"]
[EventType "swiss"]
[EventRounds "10"]
[EventCountry "DEN"]
[SourceTitle "CBM 161 Extra"]
[Source "ChessBase"]
[SourceDate "2014.08.29"]
[SourceVersion "1"]
[SourceVersionDate "2014.08.29"]
[SourceQuality "1"]

1. d4 Nf6 2. c4 c5 3. d5 b5 4. cxb5 a6 5. bxa6 g6 6. Nc3 Bxa6 7. Nf3 d6 8. g3 Bg7 9. e4 Bxf1 10. Kxf1 0-0 11. Kg2 Nbd7 12. Qe2 Qa5 13. Rb1 Rfb8 14. Re1 Ng4 15. Bg5 Kf8 16. Nd2 Ngf6 17. Nc4 Qa6 18. f4 Nb6 19. Nxb6 Qxe2+ 20. Rxe2 Rxb6 21. Bxf6 Bxf6 22. e5 Bg7 23. b3 Rb4 24. Rd1 Rd8 25. Kf3 g5 26. Ne4 gxf4 27. gxf4 dxe5 28. fxe5 Bxe5 29. Nxc5 Rd4 30. Red2 Rf4+ 31. Kg2 Rh4 32. h3 Rd6 33. Rd3 Rg6+ 34. Kf2 Rf4+ 35. Rf3 Rxf3+ 36. Kxf3 Rg3+ 37. Kf2 Bd6 38. Ne4 Rxh3 39. Nxd6 exd6 40. Kg2 Rc3 41. Rd2 Ke7 42. b4 Ra3 43. Kf1 Ra4 44. Rb2 Kd7 45. Ke1 h5 46. Kf2 Ra8 47. Kg2 Kc7 48. Rf2 Kb6 49. Rf6 Rxa2+ 50. Kg3 Rd2 51. Rxd6+ Kc7 52. Rc6+ Kd7 53. Rf6 Rxd5 54. Rxf7+ Kc6 55. Kh4 Rd4+ 1/2-1/2

[Event "Politiken Cup 36th"]
[Site "Helsingor"]
[Date "2014.07.22"]
[Round "3"]
[White "Brouwer, Rein"]
[Black "Lauridsen, Jesper Morch"]
[Result "1/2-1/2"]
[WhiteElo "2035"]
[BlackElo "2244"]
[PlyCount "52"]
[EventDate "2014.07.21"]
[EventType "swiss"]
[EventRounds "10"]
[EventCountry "DEN"]
[SourceTitle "CBM 161 Extra"]
[Source "ChessBase"]
[SourceDate "2014.08.29"]
[SourceVersion "1"]
[SourceVersionDate "2014.08.29"]
[SourceQuality "1"]

1. d4 d5 2. c4 e6 3. Nc3 c5 4. cxd5 exd5 5. Nf3 Nc6 6. g3 Nf6 7. Bg2 Be7 8. 0-0 0-0 9. Bg5 c4 10. Ne5 Be6 11. Bxf6 Bxf6 12. f4 Qb6 13. e3 Nxe5 14. fxe5 Bg5 15. Qe2 Rad8 16. Rf2 a6 17. Rd1 f6 18. h4 Bh6 19. exf6 Rxf6 20. e4 Rxf2 21. Qxf2 dxe4 22. Bxe4 Rf8 23. Qe2 Qd6 24. Bg2 Bf7 25. Ne4 Qb6 26. Kh1 g6 1/2-1/2

[Event "Politiken Cup 36th"]
[Site "Helsingor"]
[Date "2014.07.21"]
[Round "1"]
[White "Brouwer, Rein"]
[Black "Loveid, Erik"]
[Result "1-0"]
[WhiteElo "2035"]
[BlackElo "1490"]
[PlyCount "65"]
[EventDate "2014.07.21"]
[EventType "swiss"]
[EventRounds "10"]
[EventCountry "DEN"]
[SourceTitle "CBM 161 Extra"]
[Source "ChessBase"]
[SourceDate "2014.08.29"]
[SourceVersion "1"]
[SourceVersionDate "2014.08.29"]
[SourceQuality "1"]

1. d4 d5 2. c4 e5 3. dxe5 d4 4. Nf3 Nc6 5. a3 f6 6. exf6 Qxf6 7. Bg5 Qg6 8. Nbd2 h6 9. Bf4 Qf7 10. Bg3 Be6 11. Qa4 0-0-0 12. 0-0-0 g5 13. Ne5 Nxe5 14. Bxe5 Bg7 15. Bxg7 Qxg7 16. Qxa7 Ne7 17. g3 Nc6 18. Qc5 Rhf8 19. Qb5 Rxf2 20. Ne4 Rf5 21. Nc5 Rxc5 22. Qxc5 Qf7 23. Bg2 Bxc4 24. Bxc6 bxc6 25. Rxd4 Rxd4 26. Qxd4 Bxe2 27. Re1 Bb5 28. Rd1 Qa2 29. Qa7 Qc4+ 30. Kb1 Qe4+ 31. Ka1 Bd3 32. Qa8+ Kd7 33. Qa6 1-0

[Event "Bussum op 30th"]
[Site "Bussum"]
[Date "2013.05.18"]
[Round "2"]
[White "Vereggen, Lars"]
[Black "Brouwer, Rein"]
[Result "1-0"]
[WhiteElo "2068"]
[BlackElo "1994"]
[PlyCount "91"]
[EventDate "2013.05.18"]
[EventType "swiss"]
[EventRounds "7"]
[EventCountry "NED"]
[SourceTitle "CBM 154 Extra"]
[Source "ChessBase"]
[SourceDate "2013.06.25"]
[SourceVersion "2"]
[SourceVersionDate "2013.06.25"]
[SourceQuality "1"]

1. d4 d5 2. c4 e6 3. Nf3 Nf6 4. Nc3 Be7 5. Bg5 0-0 6. e3 c6 7. Rc1 Nbd7 8. Bd3 dxc4 9. Bxc4 c5 10. 0-0 Nb6 11. Bb3 cxd4 12. Nxd4 Nfd5 13. Bxe7 Qxe7 14. Nxd5 Nxd5 15. Bxd5 exd5 16. Qf3 Be6 17. Rc2 Rac8 18. Rfc1 Rxc2 19. Rxc2 Qd7 20. h3 Rc8 21. Qd1 g6 22. Qc1 Rxc2 23. Qxc2 Qd6 24. Qc3 Bd7 25. Qa5 Be6 26. Qxa7 Qc7 27. b4 Qc1+ 28. Kh2 Qc7+ 29. f4 Kg7 30. Qc5 Qd7 31. b5 h5 32. a4 Qd8 33. b6 Bc8 34. Qc7 Qxc7 35. bxc7 Kf6 36. Kg3 Ke7 37. Kh4 Kd7 38. Nb5 f6 39. f5 gxf5 40. Kxh5 Kc6 41. Nd4+ Kxc7 42. Kg6 Kd6 43. Kxf6 f4 44. exf4 Kc5 45. Ke5 Bd7 46. a5 1-0